Responses for Show #8966 - Monday, November 6, 2023

2023 Champions Wildcard Diamonds semifinal game 3.

Contestants

[<< previous game]

Brian Adams, a retired public educator from Big Bear Lake, California

Jilana Cotter, a senior data analyst from Dade City, Florida

Dave Pai, a field application scientist originally from Mechanicsburg, Pennsylvania

[next game >>]

Jeopardy! Round responses

IT'S GONNA BLOW!
CALL OUT THE BOB SQUAD
MESSAGE IN A BATTLE
HAIKU ABOUT THE POET
HIGH-SCORING SCRABBLE WORDS
KISS MY GRITS!
    $200 17
the harmonica

Jilana
    $200 19
Fischer

Dave
    $200 22
Yorktown

Dave
    $200 23
Dante

Jilana
    $200 30
a flapjack

Dave
    $200 28
corn

Dave
    $400 16
(Brian: [*]. What is [*]?)

trombone

Brian
    $400 18
Odenkirk

Dave
    $400 21
the Roman Empire

Jilana
    $400 20
Shelley

Dave
    $400 29
equalize

Dave
    $400 27
pecans

Brian
    $600 3
a kazoo

Brian
    $600 6
Bobby Darin

Jilana
    $600 1
Tet

Dave
    $600 14
(Jilana: Who is Robert Frost?)

Longfellow

Jilana
Triple Stumper
    $600 10
(Jilana: What is corroded?)

oxidized

Jilana
Triple Stumper
    $600 7
the Black Eyed Peas

Jilana
    $800 5
a flute

Dave
    $800 11
(Bob) Ross

Dave
    $1,000 2
(Dave: [Sighs] I'm drawing a blank--sorry.)

Bonnie Prince Charlie (Charles Edward, the Pretender)

Dave
    $800 24
Elizabeth Barrett Browning

Dave
    $800 15
(Brian: Quackery? What is quackery?)

quackish

DaveBrian
    $800 8
hush puppies

Dave
    $1000 4
a flugelhorn

Jilana
    $1000 12
"Me And Bobby McGee"

Triple Stumper
    $1000 13
the Flying Fortress (the B-17)

Triple Stumper
    $1000 25
Keats

Jilana
    $1000 26
(Dave: What is zoology?)
(Jilana: What is zoological?)

zoologic

DaveJilana
Triple Stumper
    $1000 9
(Brian: What is [**]?)
(Ken: No.)
(Brian: Red coffee gravy?)
(Ken: No.)
(Jilana: What is brown gravy?)
[Brian was ruled incorrect; reversed after the break, thereby erasing Jilana's incorrect response]

red-eye (red gravy)

DaveBrian

Scores at the first commercial break (after clue 15):

Dave Jilana Brian
$3,800 $1,000 $800

Scores at the end of the Jeopardy! Round:

Dave Jilana Brian
$5,600 $1,800 $1,600

Double Jeopardy! Round responses

TO THE EXOPLANETS!
AT THE ANCIENT ROMAN CINEPLEX
(Ken: You'll need to convert the number in each movie title to Roman numerals.) (Jilana: [Unenthusiastically] Ooh.) (Ken: You're having fun.)
A "LA" CARTE
WHAT A BODY
POTPOURRI
ODD 4-LETTER WORDS
    $400 24
water

Jilana
    $400 30
(Ken: What is 10? Yes.)

X

Brian
    $400 19
La bohème

Brian
    $400 18
lymph nodes

Jilana
    $400 26
(Brian: What are... Doritos?)

Takis

JilanaBrian
    $400 22
blah

Dave
    $800 23
the Milky Way

Dave
    $800 29
(Ken: Correct, 2001.)

MMI

Dave
    $800 11
La Paz

Dave
    $800 17
the large intestine

Brian
    $800 25
the Turquoise Coast

Jilana
    $800 21
a coda

Brian
    $1200 4
(Brian: No.)

Kepler

Brian
Triple Stumper
    $1200 7
(Ken: Yes, District 9.)

IX

Dave
    $1200 9
the La Brea Tar Pits

Jilana
    $1200 8
your arches

Triple Stumper
    $1200 12
(Jilana: What is heave?)

weigh

JilanaBrian
    $1200 20
an ankh

Jilana
    $1600 5
pulsars

Dave
    $1600 28
(Ken: Yes, 500.)

D

Dave
    $1600 3
La Salle

Dave
    $1600 15
ultraviolet

Jilana
    $1600 13
a Duesenberg

Brian
    $1600 1
to grok

Triple Stumper
    $3,200 6
(Ken: Dave?)
(Dave: Uh... ah, it's not coming to me.)

Pegasus

Dave
    $2000 27
(Ken: What is [*]? 300.)

CCC

Triple Stumper
    $2,900 10
La Mancha

Jilana
    $2000 16
tachycardia

Jilana
    $2000 14
a tallit

Triple Stumper
    $2000 2
nisi

Triple Stumper

Scores at the end of the Double Jeopardy! Round:

Dave Jilana Brian
$11,200 $11,500 $5,200

[wagering suggestions for these scores]

Final Jeopardy! Round responses

MUSIC & LITERATURE
(Ken: We can't accept that, Brian.)
...
(Ken: That's the source of Steinbeck's title, The Grapes of Wrath.)
BrianWhat is the Battle Hymn of the Repubic?
$5,200
DaveWhat is
$400
JilanaWhat is the battle hymn of the republic?
$10,900
"The Battle Hymn Of The Republic"

Final scores:

Dave Jilana Brian
$10,800 $22,400 $0
2nd place: $10,000 Finalist 3rd place: $10,000

Game dynamics:

Coryat scores:

Dave Jilana Brian
$15,400 $10,600 $5,200
22 R,
3 W
(including 2 DDs)
16 R
(including 1 DD),
4 W
10 R,
3 W

Combined Coryat: $31,200

[game clues] [game scores] [suggest correction]

Game tape date: 2023-09-14
The J! Archive is created by fans, for fans. Scraping, republication, monetization, and malicious use prohibited; this site may use cookies and collect identifying information. See terms. The Jeopardy! game show and all elements thereof, including but not limited to copyright and trademark thereto, are the property of Jeopardy Productions, Inc. and are protected under law. This website is not affiliated with, sponsored by, or operated by Jeopardy Productions, Inc. Join the discussion at JBoard.tv.